000 00348nam a22001457a 4500
008 221014b ||||| |||| 00| 0 eng d
020 _a0945320132
041 _aeng
080 _2SECOND EDITION
_a311
082 _a311
100 _a25.2
101 _aSTATIC
245 _aUNDERSTANDING STATISTICAL PROCESS CONTROL
_cWHEELER D
942 _2udc
_cBK
999 _c58578
_d58578